Score 0/30 Timer 13:00
0 Plays Today
Rank Show Title % Correct
1Star Trek
57%
5Lost
55.5%
3Buffy The Vampire Slayer
46.5%
8The Simpsons
45.9%
2The X-Files
45.5%
22Doctor Who
42.6%
15Family Guy
34.6%
25Firefly
34.2%
24Twin Peaks
31.6%
21Freaks and Geeks
31.4%
9Twilight Zone
29.3%
14Battlestar Galactica
29.3%
6Monty Python's Flying Circus
23.6%
7The Prisoner
18%
18Veronica Mars
16.8%
Rank Show Title % Correct
28Stargate SG1
11.1%
19Quantum Leap
10.2%
16Babylon Five
9.2%
10Xena
8.8%
11Jericho
8.6%
20The Avengers
8.4%
23Dark Shadows
8%
13MST3K
7.8%
4Farscape
6.4%
29Absolutely Fabulous
5.9%
26Mary Hartman, Mary Hartman
3.3%
12Pee-Wee's Playhouse
2.7%
17Beauty and the Beast
2.7%
30Strangers with Candy
2.5%
27H.R. Pufnstuf
1.6%
Remove Ads.
Support Sporcle.
Get the best of Sporcle when you Go Orange. This ad-free experience offers more features, more stats, and more fun while also helping to support Sporcle. Thank you for becoming a member.

You're not logged in!

Compare scores with friends on all Sporcle quizzes.
OR
Log In

Show Comments

Extras

Top Quizzes Today


Score Distribution

Your Account Isn't Verified!

In order to create a playlist on Sporcle, you need to verify the email address you used during registration. Go to your Sporcle Settings to finish the process.

Report this User

Report this user for behavior that violates our Community Guidelines.

Details: